Регионална библиотека "Любен Каравелов" - Русе

Спомени от сегашната епоха в България (Запис номер 405065)

MARC детайли
000 -Лидер
Контролно поле с фиксирана дължина 01515nam a2200325 c 4500
003 - Код на организацията, давaща контролен номер
Контролно поле BLK
005 - Дата и час на последна редакция
Контролно поле 20210402131840.0
008 - Елементи от данни с фиксирана дължина
fixed length control field 180408b bul|||||r ||||||| ||bul||
040 ## - Източник на каталожния запис
Идентификатор на билиотеката - собственик на записа BLK
041 ## - Код за език
Код за езика на текст/звукозапис или на отделно заглавие Български
Код за езика КДБФ Български
080 ## - УДК
Текстов определител УДК Вътрешна политика. Вж и 329
УДК код - определител по УДК 323
УДК определител (497.2)
УДК - код + определител 323(497.2)
100 1# - Редна дума - Автор
Автор Кисимов, Пандели Хаджигеоргиев
Авторска отговорност първи автор
R(LIN) 249696
139 ## - Редно поле
Редна дума Кисимов, Пандели Хаджигеоргиев
Авторски знак Кис - К 60
245 10 - Сведения за заглавието
Заглавие Спомени от сегашната епоха в България
Подзаглавни данни Ч. 1 -
Редно поле (дума) Пандели Хаджигеоргиев Кисимов.
Том Ч. 1
257 ## - Страна на издаване
Страна на създаване/издаване Румъния
260 ## - Област на издателските данни
Място на издаване, разпространение и проч. Букурещ
Година на издаване 1894
Печатница Букурещ : печ. Е. Виеганд и К. К. Савой
300 ## - Физическа характеристика
Страници 104 с.
Размери/Мащаб 23 см
380 ## - Жанр
Жанр Обществени науки
505 ## - Форматирана забележка
Заглавие С автограф от авт.
650 #7 - Допълнително описание по предмет – тема
Основно описание – тема или топоним Политическа организация на обществото - България - история
9 (RLIN) 166936
852 ## - Местоположение
Форматна сигнатура Рб 894
Фондова буква Редки и ценни
856 4# - Електронен адрес и достъп
Електронен формат pdf - файл
856 4# - Електронен адрес и достъп
Електронен формат pdf - файл
999 ## - СИСТЕМНИ КОНТРОЛНИ НОМЕРА
Koha biblionumber 405065
Koha biblioitemnumber 405065
942 ## - АРТИКУЛИ
Вид на библиотечния материал Книги
Скрит в OPAC Не
Периодичен библиозапис Да
944 ## - СЪЗДАВАНЕ И РЕДАКЦИЯ на ЗАПИСА
Създаване/Редакция Създаване
Дата на регистрацията/редакция 2021-04-02
Служител, извършил регистрацията/редакцията НР
Наличности
Код за отписване Код за изгубен артикул Източник на класификационната схема Код за повреда Коз за рестрикции Код за отдаване Артикулен № Име на библиотеката - собственик Име на библиотеката, в която се намира в момента Статус (Текущо местоположение) Дата на вписване в системата Местоположение - отдел Цена в лева Инвентарен номер Систематично азбучна сигнатура Баркод Цена в евро Служебен тип на артикула
  Не е изгубен Universal Decimal Classification Не е повреден само за читалня Специални фондове ( старопечатни, редки и ценни, фонд М. Арнаудов) 852730 Регионална библиотека "Любен Каравелов" Русе Регионална библиотека "Любен Каравелов" Русе Редки и ценни 2021-09-17 Редки и ценни 0.08 11935-І Рб 894 900000045232 0.04 Книги
Vip Innovations Ltd, Rousse, Bulgaria 2025